00313nam a2200109Ia 450000500170000000800410001710000180005824500890007626000140016530000110017965000130019020260328104258.0260328s9999||||xx |||||||||||||| ||und|| aEhmann, Sven  0aRock The Shack :b the Architecture of cabins cocoons and hide -outs /cSven Ehmann bgestalten a239 p. aVIVIENDA